书目信息 |
| 题名: |
母亲的榜样
|
|
| 作者: | 张健鹏 著 | |
| 分册: | ||
| 出版信息: | 北京 学苑出版社 2003.10 |
|
| 页数: | 306页 | |
| 开本: | 20cm | |
| 丛书名: | ||
| 单 册: | ||
| 中图分类: | C913.11 , G78 | |
| 科图分类: | ||
| 主题词: | 教育--类型 | |
| 电子资源: | ||
| ISBN: | 7-5077-2208-2 | |
| 000 | 00557nam0 2200205 450 | |
| 001 | 0555387070 | |
| 005 | 20050617161539.20 | |
| 010 | @a7-5077-2208-2@dCNY 18.00 | |
| 100 | @a20050608d2003 km y0chiy0120 ea | |
| 101 | 0 | @achi |
| 102 | @aCN@b110000 | |
| 200 | 1 | @a母亲的榜样@Amu qin de bang yang@f张健鹏著@Fzhang jian peng zhu |
| 210 | @a北京@c学苑出版社@d2003.10 | |
| 215 | @a306页@d20cm | |
| 606 | 0 | @a教育@x类型 |
| 690 | @aC913.11@v4 | |
| 690 | @aG78@v3 | |
| 701 | 0 | @a张健鹏@Azhang jian peng@4著 |
| 801 | 0 | @aCN@bPFT@c20050617 |
| 905 | @a10447@dG78@eZ120 | |
| 母亲的榜样/张健鹏著.-北京:学苑出版社,2003.10 |
| 306页;20cm |
| ISBN 7-5077-2208-2:CNY 18.00 |
| ● |
| 相关链接 |
|
|
|
正题名:母亲的榜样
索取号:G78/Z120
 
预约/预借
| 序号 | 登录号 | 条形码 | 馆藏地/架位号 | 状态 | 备注 |
| 1 | 536725 | 205367253 | 社科库409/409社科库 18排1列2层/ [索取号:G78/Z120] | 在馆 | |
| 2 | 536726 | 205367262 | 社科二线422/422社科库 30排4列1层/ [索取号:G78/Z120] | 在馆 | |
| 3 | 536727 | 205367271 | 社科库409/409社科库 18排1列2层/ [索取号:G78/Z120] | 在馆 |